000 00284nam a22001217a 4500
008 180521b xxu||||| |||| 00| 0 eng d
041 _aeng
080 _a043.3
100 _a0
101 _aSHKI-BA
245 _aSecurity in E-Banking Systems in Kosova
_cHasanaj, N
942 _2udc
_cBK
999 _c46131
_d46131